| 000 | 00686cam a22002051i 4500 | ||
|---|---|---|---|
| 003 | OSt | ||
| 005 | 20171019183308.0 | ||
| 008 | 770509s1931 enk b 001 0 eng | ||
| 010 | _a 31018659 | ||
| 040 |
_aDLC _cUU _dOCoLC _dMnU-L _dDLC |
||
| 082 |
_222 _a340.59 _bVES |
||
| 100 | 2 |
_aVesey-Fitzgerald, Seymour. _d1884- _9288 |
|
| 245 | 1 | 0 |
_aMuhammadan Law : _ban abridgement according to its various schools / _cSeymour Vesey-Fitzgerald. |
| 260 |
_aOxford : _bUniversity Press ; _aLondon : _bHumphrey Milford, _c1931. |
||
| 300 |
_axv, 252 p. ; _c23 cm. |
||
| 500 | _aIncludes index. | ||
| 504 | _aBibliography: p. 232-239. Includes index. | ||
| 650 | 0 |
_aIslamic law. _9251 |
|
| 942 |
_2ddc _cBK |
||
| 999 |
_c110 _d110 |
||